Città dell'Inghilterra - Statistics

Statistiche generali
  • Questo quiz è stato fatto 183 volte
  • Il punteggio medio è 9 su 19
Answers on the Grid
Answers color-coded by a green-red scale on the quiz's grid according to % correct below.
Boston
Peterborough
Coventry
Middlesbrough
Limerick
Brighton
Madison
Belfast
Liverpool
Ipswich
Bradford
Canterbury
Cardiff
Kiel
Edimburgo
Manchester
Bath
Cambridge
Bristol
Wolverhampton
Perth
Hull
Oxfordshire
Truro
Chesterfield
Assen
Londra
Leeds
Yorkshire
Exeter
 
Statistiche sulle risposte
Risposta % Corretto
Brighton
79%
Liverpool
78%
Manchester
69%
Cambridge
63%
Coventry
62%
Londra
62%
Ipswich
57%
Bristol
56%
Middlesbrough
54%
Canterbury
52%
Leeds
52%
Wolverhampton
49%
Bradford
45%
Hull
41%
Peterborough
38%
Bath
35%
Chesterfield
27%
Exeter
21%
Truro
6%
Nessun quiz corrispondente trovato
Distribuzione punteggi
Percentuale di utenti per punteggio
Percentile per numero di risposta
I tuoi punteggi nel tempo
Non hai fatto questo quiz